logo

Bir Sreshtho Munshi Abdur Rouf Library
Jhenaidah Cadet College

Second Book of Islam : (Record no. 4235)

MARC details
000 -LEADER
fixed length control field 00673nam a2200241 a 4500
001 - CONTROL NUMBER
JCCL Control Number 4235
003 - CONTROL NUMBER IDENTIFIER
JCCL marc code BD-JhCC
005 - DATE AND TIME OF LATEST TRANSACTION
control field 20171127193558.0
008 - FIXED-LENGTH DATA ELEMENTS--GENERAL INFORMATION
fixed length control field 171125r19651961pk |||| |||| 000 0 mul d
035 ## - SYSTEM CONTROL NUMBER
system control number (BD-JhCC)4235
040 ## - CATALOGING SOURCE
Original cataloging agency BD-JhCC
Modifying agency BD-JhCC
041 ## - LANGUAGE CODE
Language code of Book English and Arabic
082 ## - DEWEY DECIMAL CLASSIFICATION NUMBER
Classification number 297
Author mark and Year ASH 1965
100 ## - MAIN ENTRY--PERSONAL NAME
Personal name Ashraf, SH. Muhammad
245 ## - TITLE STATEMENT
Title Second Book of Islam :
Remainder of title Faith & Deeds Prayers & Fasting /
Statement of responsibility, etc SH. Muhammad Ashraf,
250 ## - EDITION STATEMENT
Edition statement Revisesd Edition
260 ## - PUBLICATION, DISTRIBUTION, ETC. (IMPRINT)
Place of publication, distribution, etc Lahore :
Name of publisher, distributor, etc Ashraf Press,
Date of publication, distribution, etc 1961 [Reprinted 1965]
300 ## - PHYSICAL DESCRIPTION
Pagination 57 p. :
Dimensions 18 cm.
490 ## - SERIES STATEMENT
Series statement "Lessons in Islam" Book II
650 ## - SUBJECT ADDED ENTRY--TOPICAL TERM
Topical term or geographic name as entry element Islam
942 ## - ADDED ENTRY ELEMENTS (KOHA)
Source of classification or shelving scheme Dewey Decimal Classification
Koha item type Books
Holdings
Source of classification or shelving scheme Damaged status Not for loan Home library Current library Shelving location Date of accession Cost, normal purchase price Total Checkouts Full call number Barcode Date last seen Copy number Koha item type
Dewey Decimal Classification     JCC Rouf Library JCC Rouf Library General Stacks 11/25/2017 1.00   297 ASH 1965 5768 11/25/2017 C- 1 Books
Dewey Decimal Classification     JCC Rouf Library JCC Rouf Library General Stacks 11/27/2017 1.00   297 ASH 1965 5780 11/27/2017 C- 2 Books

JCC Library | Contacts | JCC Home

Last Update on 23 September 2017
Copyright @ 2017-2020 JCC Rouf Library
Rouf Library, Jhenidah Cadet College (JCC), Bangladesh